Statistics for Countries with Nucular weapons

Click here to take the quiz!

General Stats

  • This quiz has been taken 29 times
  • The average score is 8 of 9

Answer Stats

HintAnswer% Correct
The biggest country in the worldRussia
100%
A big communist countryChina
96%
A mainland europe democracyFrance
96%
An IslandUK
96%
The only country with nucular weapons in North AmericaUSA
96%
A small communist countryNorth Korea
88%
,India
79%
Pakistan
75%
A jewish middle eastern countryIsreal
33%

Score Distribution

Percentile by Number Answered

Percent of People with Each Score

Your Score History

You have not taken this quiz